000 01740cam a2200349 i 4500
005 20160105035108.0
008 961108t 1986njuabfogrb 001 0 eng d
015 _aNNS
020 _a9780691083728
020 _a069108372X
040 _aCO-BoPUJ
_dCO-BoIAVH
_cCO-BoIAVH
041 _aeng
043 _as-ck---
082 0 4 _a598.1709861
_bH65g
100 1 _aHilty, Steven L.
_d1945-
_eautor
245 1 2 _aA guide to the birds of Colombia
_cSteven L. Hilty and William L. Brown ; sixty-nine color and black and white plates by Guy Tudor [y otros cinco] ; line drawings by Michel Kleinbaum [y otro]. Traduccion al español pro Humberto Alvarez- Lopez
246 3 0 _aBirds of Colombia
260 _aPrinceton, N.J.
_bPrinceton University Press
_cc1986.
300 _axii, 836 páginas, 74 páginas de mapas
_bilustraciones, fotos y mapas
_c23 cm.
504 _aIncluye referencias bibliográficas e indices.
505 0 _aMap of Colombia showing localities. -- Acknowledgments. -- Plan of the book. -- Topography. -- Climate. -- Vegetation. -- Habitat descriptions. -- Migrants. -- Conservation and national parks. -- Review of colombian ornithology. -- The birds of Colombia.
650 1 4 _aAves
_xClasificación
_vGuía
_zColombia
650 2 4 _aAves
_zColombia
_vGuía
650 2 4 _aAves
_xDistribución geográfica
_vGuía
_zColombia
650 2 6 _aMigración de aves
_zColombia
_vGuía
650 2 4 _aOrnitología
_zColombia
_vGuía
650 2 4 _aAves
_zSan Andrés y Providencia (Colombia)
_vGuía
700 1 _aBrown, William Liddle
_d1929-
_eautor
700 1 _aTudor, Guy
_d1934-
_eilustrador
700 1 _aKleinbaum, Michel
_edibujante
942 _2ddc
_cLIBRO
999 _c278
_d278